000 00476nam a22001577a 4500
005 20251108164748.0
008 250721s1991 xx 000 0 ara d
082 1 4 _a615.89/ساع
100 1 _aالساعدي، كاظم جاسم
245 1 0 _aنصائح الأطباء في الطب الشعبي /
264 1 _aعمان :
_bدار جاد للنشر و التوزيع،
_c1991.
300 _a183ص
650 1 7 _aالطب الشعبي
942 _2ddc
_cBK
999 _c13728
_d13728